Real-Life Married Couples on Friends Quiz Stats

 Plays Quiz not verified by Sporcle

Score 0/6 Timer 06:00
0 Plays Today
Her 1st Episode Couple % Correct
'The Pilot' (Season 1)Jennifer Aniston & Brad Pitt
89.7%
'The Pilot' (Season 1)Courteney Cox & David Arquette
87.3%
'The One with Ross and Monica's Cousin' (Season 7)Denise Richards & Charlie Sheen
53.3%
'The One with the Dirty Girl' (Season 4)Rebecca Romijn & John Stamos
27.9%
'The One with the Ultimate Fighting Champion' (Season 3)Christine Taylor & Ben Stiller
25.5%
'The One with Two Parts, Part 1' (Season 1)Helen Hunt & Hank Azaria
12.1%

You're not logged in!

Compare scores with friends on all Sporcle quizzes.
Join for Free
OR
Log In

You Might Also Like...

Show Comments

Extras

Top Quizzes Today


Score Distribution

Your Account Isn't Verified!

In order to create a playlist on Sporcle, you need to verify the email address you used during registration. Go to your Sporcle Settings to finish the process.

Report this User

Report this user for behavior that violates our Community Guidelines.

Details: